000 00328nam a2200145Ia 4500
005 20251222151332.0
008 251222s9999||||xx |||||||||||||| ||spa||
020 _a8448118839
082 _a339/D92
100 _aDornbusch, Rudiger
245 0 _aMacroeconomía
250 _a6ta. ed.
264 _bMcGraw- Hill
942 _cLIB
999 _c24137
_d24137